An extension of the Galois theory of Grothendieck

Αποθηκεύτηκε σε:
Λεπτομέρειες βιβλιογραφικής εγγραφής
Κύριος συγγραφέας: Joyal, Andre
Άλλοι συγγραφείς: Tierney, Myles
Μορφή: Βιβλίο
Γλώσσα:English
Δημοσίευση: Providence, R.I. : American Mathematical Society, [1984]
Σειρά:Memoirs of the American Mathematical Society ; ; 309
Θέματα:
Ετικέτες: Προσθήκη ετικέτας
Δεν υπάρχουν, Καταχωρήστε ετικέτα πρώτοι!

MARC

LEADER 00000cam a2200000 i 4500
001 1/50084
008 941103s1984 eng d
020 |a 0821823124 
035 |l 10043787 
040 |a GR-MY-UA  |b gre  |e aacr 
041 0 |a eng 
082 0 |a 512.3 
100 1 |a Joyal, Andre. 
245 1 3 |a An extension of the Galois theory of Grothendieck /  |c Andre Joyal and Myles Tierney 
260 |a Providence, R.I. :   |b American Mathematical Society,   |c [1984] 
300 |a vii, 71 p.;  |b ill.;  |c 25 cm. 
490 1 |a Memoirs of the American Mathematical Society  |v ; 309 
504 |a Bibliography: p. 71 
650 0 0 |a Toposes. 
650 0 0 |a Galois theory. 
650 0 0 |a Theory of descent (Mathematics) 
700 1 |a Tierney, Myles. 
830 0 |a Memoirs of the American Mathematical Society ;  |v ; 309 
852 |a INST  |b SAMOS  |e 19941103  |h 512.3 JOY  |p 005300007713  |q 005300007713  |t BK  |y 0 
909 |a Σ  |b 033653